00897nam a2200205 a 450000100100000000500170001000800410002702000150006804000250008311101100010824000290021824502560024726000380050330000180054149000130055950000380057250400300061070000380064083000130067800004396320201002045052.0140512s2004 sp 000 0 spa d a8484891380 aDO-SdBNPbspacBNPHU2 aCongreso Internacional "Dos mundos, dos culturas: la huella peruana en la ciencia española"d1999cLima10aDos mundos, dos culturas10aDos mundos, dos culturas :bo de la historia (natural y moral) entre España y el Perú /cCongreso Internacional "Dos mundos, dos culturas: la huella peruana en la ciencia española" (Lima, diciembre 1999) ; Fermín del Pino Díaz (coordinador). aMadrid, :bIberoamericana,c2004. a334 ;c23 cm.1 aTeciv11 aIncluye notas al pie de páginas aBibliografía p: 333-33412aPino Díaz, Fermín delecoord. 0aTecin11